[Event "Ciutat de Sabadell op A"]
[Site "?"]
[Date "2012.08.31"]
[Round "2"]
[White "Colon Garcia, E."]
[Black "Burmakin, V."]
[Result "0-1"]
[WhiteElo "2339"]
[BlackElo "2608"]
[PlyCount "120"]
[EventDate "2012.??.??"]
[EventType "swiss"]
[EventRounds "9"]

1. e4 c6 2. Nc3 d5 3. Nf3 g6 4. d4 Bg7 5. h3 dxe4 6. Nxe4 Nd7 7. Bc4 Ngf6 8.
Nxf6+ Nxf6 9. O-O O-O 10. Re1 Bf5 11. c3 Be4 12. Bg5 Bd5 13. Bd3 Qc7 14. Ne5
Rad8 15. Qe2 Rfe8 16. Bf4 Qc8 17. c4 Be6 18. Qe3 c5 19. dxc5 Nd7 20. Rad1 Qxc5
21. Nxd7 Qxe3 22. Bxe3 Rxd7 23. b3 Bc3 24. Rf1 Red8 25. Be2 Bd2 26. Bxd2 Rxd2
27. Bf3 b6 28. Rfe1 Kg7 29. Kf1 Kf6 30. a4 Rxd1 31. Bxd1 Rd2 32. Bf3 Rb2 33.
Bd1 Bf5 34. Re3 g5 35. Ke1 Bb1 36. c5 bxc5 37. Rc3 Be4 38. g3 Bf5 39. Rxc5 Bxh3
40. Ra5 h5 41. Rxa7 h4 42. gxh4 gxh4 43. Ra6+ Kg7 44. Ra5 Be6 45. Rh5 Rb1 46.
Rxh4 Bxb3 47. Rd4 e5 48. Rd6 Bxa4 49. Ke2 Bxd1+ 50. Rxd1 Rxd1 51. Kxd1 Kg6 52.
Ke2 Kg5 53. Kf3 Kf5 54. Ke3 Kg4 55. Ke4 f6 56. Ke3 f5 57. Ke2 Kf4 58. Ke1 Kf3
59. Kf1 f4 60. Ke1 Kg2 0-1

[Event "Ciutat de Sabadell op A"]
[Site "?"]
[Date "2012.08.31"]
[Round "2"]
[White "Cordova Daza, E."]
[Black "Panesso Rivera, H."]
[Result "1-0"]
[WhiteElo "2572"]
[BlackElo "2339"]
[PlyCount "55"]
[EventDate "2012.??.??"]
[EventType "swiss"]
[EventRounds "9"]

1. d4 Nf6 2. Nf3 g6 3. Bf4 Bg7 4. e3 d6 5. c4 O-O 6. Nc3 Nc6 7. h3 Nd7 8. Be2
e5 9. Bh2 Kh8 10. Rc1 f5 11. Nd5 Nb6 12. O-O Bd7 13. b4 exd4 14. b5 d3 15. Qxd3
Ne5 16. Nxe5 dxe5 17. Rfd1 Be6 18. Qc3 Nd7 19. c5 c6 20. bxc6 bxc6 21. Nb4 f4
22. Rd6 Qe7 23. Qd2 Nb8 24. exf4 a5 25. Nd3 exf4 26. Nxf4 Bf5 27. g4 Bd7 28.
Rxg6 1-0

[Event "Ciutat de Sabadell op A"]
[Site "?"]
[Date "2012.08.31"]
[Round "2"]
[White "Flores de Paco, D."]
[Black "Gallego Alcaraz, AF."]
[Result "0-1"]
[WhiteElo "2006"]
[BlackElo "2377"]
[PlyCount "38"]
[EventDate "2012.??.??"]
[EventType "swiss"]
[EventRounds "9"]

1. d4 Nf6 2. Nf3 g6 3. Nc3 d5 4. Bf4 Bg7 5. e3 O-O 6. Be2 c5 7. Ne5 e6 8. O-O
Nfd7 9. Re1 cxd4 10. exd4 Nc6 11. Nxc6 bxc6 12. Bf3 Qb6 13. Be3 Qxb2 14. Qd2
Qa3 15. Bf4 Nb6 16. Rab1 Nc4 17. Qd3 Ba6 18. Rb3 Qa5 19. Qd1 c5 0-1

[Event "Ciutat de Sabadell op A"]
[Site "?"]
[Date "2012.08.31"]
[Round "2"]
[White "Gomez Jurado, LA."]
[Black "Oms Pallisse, J."]
[Result "0-1"]
[WhiteElo "2250"]
[BlackElo "2461"]
[PlyCount "36"]
[EventDate "2012.??.??"]
[EventType "swiss"]
[EventRounds "9"]

1. c4 c5 2. g3 Nc6 3. Bg2 g6 4. Nc3 Bg7 5. e4 d6 6. Nge2 e6 7. d3 Nge7 8. Bg5
O-O 9. Qd2 Nd4 10. Nxd4 cxd4 11. Ne2 Bd7 12. Qb4 Nc6 13. Qxd6 Qxg5 14. Qxd7
Qa5+ 15. Kf1 Qb4 16. e5 Rad8 17. Bxc6 Rxd7 18. Bxd7 Rd8 0-1

[Event "Ciutat de Sabadell op A"]
[Site "?"]
[Date "2012.08.31"]
[Round "2"]
[White "Jimenez Fraga, PA."]
[Black "Espinoza Palomino, W."]
[Result "1-0"]
[WhiteElo "2446"]
[BlackElo "2242"]
[PlyCount "57"]
[EventDate "2012.??.??"]
[EventType "swiss"]
[EventRounds "9"]

1. Nf3 Nf6 2. g3 b5 3. Bg2 Bb7 4. d3 d5 5. b3 e6 6. Bb2 Be7 7. c4 a6 8. O-O O-O
9. Nbd2 c5 10. Rc1 Nbd7 11. Rc2 Re8 12. e4 dxe4 13. dxe4 Nxe4 14. Ne5 Nxe5 15.
Bxe5 Nxd2 16. Rxd2 Qc8 17. Bxb7 Qxb7 18. Rd7 Qb6 19. Qg4 f6 20. Bd6 f5 21. Qh5
Bf6 22. Re1 e5 23. Qxf5 bxc4 24. bxc4 Qb4 25. Re4 Rad8 26. Rg4 Rxd7 27. Qxd7
Qb1+ 28. Kg2 Ra8 29. Bxe5 1-0

[Event "Ciutat de Sabadell op A"]
[Site "?"]
[Date "2012.08.31"]
[Round "2"]
[White "Rodriguez Garcia, V."]
[Black "Serra Pages, J."]
[Result "1/2-1/2"]
[WhiteElo "2383"]
[BlackElo "2224"]
[PlyCount "88"]
[EventDate "2012.??.??"]
[EventType "swiss"]
[EventRounds "9"]

1. e4 e5 2. Nf3 Nc6 3. Bb5 a6 4. Ba4 Nf6 5. Qe2 d6 6. c3 Be7 7. O-O Bg4 8. d3
O-O 9. h3 Bh5 10. Re1 Nd7 11. g4 Bg6 12. Nbd2 Nc5 13. Bc2 Ne6 14. Nc4 Ng5 15.
Kh2 Nxf3+ 16. Qxf3 b5 17. Ne3 Bg5 18. Ng2 Bxc1 19. Raxc1 f6 20. Bb3+ Bf7 21.
Bxf7+ Rxf7 22. Ne3 Ne7 23. d4 c6 24. Rcd1 Qc7 25. Qg3 Ng6 26. Ng2 Rd8 27. d5
cxd5 28. Rxd5 Rfd7 29. f4 Nxf4 30. Nxf4 exf4 31. Qxf4 Re7 32. Re3 Re5 33. Qf1
Rde8 34. Qd3 Qe7 35. Rxd6 Rxe4 36. Rxe4 Qxe4 37. Qxe4 Rxe4 38. Rxa6 Re2+ 39.
Kg3 Rxb2 40. a4 b4 41. cxb4 Rxb4 42. Ra7 Rb3+ 43. Kg2 Rb2+ 44. Kg3 Rb3+ 1/2-1/2

[Event "Ciutat de Sabadell op A"]
[Site "?"]
[Date "2012.08.31"]
[Round "2"]
[White "Vigoa Apecheche, Y."]
[Black "Lorenzo de la Riva, L."]
[Result "1/2-1/2"]
[WhiteElo "2243"]
[BlackElo "2444"]
[PlyCount "75"]
[EventDate "2012.??.??"]
[EventType "swiss"]
[EventRounds "9"]

1. d4 c5 2. d5 d6 3. c4 e5 4. Nc3 Be7 5. e4 Bg5 6. Nf3 Bxc1 7. Rxc1 Ne7 8. Qa4+
Bd7 9. Qb3 b6 10. Nb5 Nc8 11. Qe3 O-O 12. Bd3 a6 13. Nc3 b5 14. O-O b4 15. Ne2
Bg4 16. h3 Bxf3 17. Qxf3 Nd7 18. Ng3 g6 19. Qe3 Ne7 20. f4 exf4 21. Rxf4 Ne5
22. Rcf1 Kh8 23. Be2 Ng8 24. h4 Ra7 25. Nh1 f6 26. b3 Re7 27. Qd2 Rff7 28. Nf2
h5 29. Nh3 Qe8 30. R4f2 Nd7 31. Nf4 Nf8 32. Bf3 a5 33. Qd3 Re5 34. Qd2 a4 35.
Nd3 Ree7 36. Nf4 Re5 37. Nd3 Ree7 38. Nf4 1/2-1/2

[Event "Ciutat de Sabadell op A"]
[Site "?"]
[Date "2012.09.01"]
[Round "3"]
[White "Arenas, D."]
[Black "Cordova Daza, E."]
[Result "0-1"]
[WhiteElo "2406"]
[BlackElo "2572"]
[PlyCount "55"]
[EventDate "2012.??.??"]
[EventType "swiss"]
[EventRounds "9"]

1. e4 e6 2. d4 d5 3. Nc3 Nf6 4. Bg5 dxe4 5. Nxe4 Nbd7 6. Nf3 h6 7. Nxf6+ Nxf6
8. Be3 Nd5 9. Qd2 a6 10. O-O-O b5 11. Ne5 Bb7 12. c4 bxc4 13. Qa5 Nb6 14. d5
Bxd5 15. Nxc4 Be7 16. Qc3 O-O 17. Bd4 Bf6 18. Ne3 Bxd4 19. Rxd4 Qf6 20. Ng4
Qg5+ 21. Ne3 f5 22. f4 Qe7 23. Nxd5 Nxd5 24. Qc6 Rab8 25. a3 Rb6 26. Qa4 Rfb8
27. Rd2 Qc5+ 28. Kb1 0-1

[Event "Ciutat de Sabadell op A"]
[Site "?"]
[Date "2012.09.01"]
[Round "3"]
[White "Burmakin, V."]
[Black "Jimenez Fraga, PA."]
[Result "1/2-1/2"]
[WhiteElo "2608"]
[BlackElo "2446"]
[PlyCount "101"]
[EventDate "2012.??.??"]
[EventType "swiss"]
[EventRounds "9"]

1. Nf3 Nf6 2. g3 g6 3. b3 b6 4. Bg2 Bb7 5. Bb2 Bg7 6. c4 c5 7. O-O Nc6 8. d4
Nxd4 9. Nxd4 Bxg2 10. Kxg2 cxd4 11. Qxd4 O-O 12. Nc3 d6 13. Rfd1 Qd7 14. Rab1
Qb7+ 15. f3 Nd7 16. Qe3 Nf6 17. Nd5 Nxd5 18. cxd5 Rac8 19. Bxg7 Kxg7 20. Rbc1
Rxc1 21. Rxc1 Qxd5 22. Qxe7 Qd2 23. Rc7 Qxa2 24. Rxa7 Qxb3 25. Rd7 Qb5 26. Rxd6
Re8 27. Qf6+ Kg8 28. e4 Ra8 29. Rd5 Qb3 30. Rd7 b5 31. Re7 b4 32. e5 Qb2+ 33.
Kh3 Rf8 34. Qf4 b3 35. e6 fxe6 36. Qh6 Qh8 37. Rb7 b2 38. f4 b1=Q 39. Rxb1 Qg7
40. Qg5 Qf6 41. Qxf6 Rxf6 42. Rb6 h6 43. Kg4 Kg7 44. Ra6 Kf7 45. Ra7+ Kg8 46.
Re7 Kf8 47. Rh7 Kg8 48. Ra7 Rf7 49. Ra6 Re7 50. h4 h5+ 51. Kf3 1/2-1/2

[Event "Ciutat de Sabadell op A"]
[Site "?"]
[Date "2012.09.01"]
[Round "3"]
[White "Dalo, H."]
[Black "Rodriguez Garcia, V."]
[Result "0-1"]
[WhiteElo "2130"]
[BlackElo "2383"]
[PlyCount "170"]
[EventDate "2012.??.??"]
[EventType "swiss"]
[EventRounds "9"]

1. d4 d6 2. c4 e5 3. e4 exd4 4. Qxd4 Nc6 5. Qd1 g6 6. Nc3 Bg7 7. Be3 Be6 8. Nf3
Nf6 9. h3 O-O 10. Be2 Nd7 11. Nd4 Nxd4 12. Bxd4 Ne5 13. O-O c5 14. Bxe5 Bxe5
15. Nd5 Qh4 16. Bg4 Bxd5 17. Qxd5 h5 18. Be2 Qf6 19. Rad1 h4 20. Qd2 Rae8 21.
b3 Bf4 22. Qd3 Qg5 23. Qf3 Re6 24. Bd3 Rf6 25. Qg4 Qh6 26. g3 hxg3 27. fxg3 Be5
28. Rxf6 Bxf6 29. Qf4 Qh8 30. Kg2 Be5 31. Qg4 Qh6 32. h4 Kg7 33. Qg5 Qxg5 34.
hxg5 Re8 35. Rh1 Bd4 36. Kf3 Re5 37. Kf4 Bc3 38. Rd1 Re8 39. Be2 Be5+ 40. Kf3
Rh8 41. Kg2 Kf8 42. Rd3 Bd4 43. Bg4 Ke7 44. Rf3 Bb2 45. Rf1 Bc3 46. Rd1 Re8 47.
Kf3 a6 48. a4 Rb8 49. Rd3 Bb2 50. Rd1 Re8 51. Rb1 Bc3 52. Rd1 Be5 53. Kg2 Kd8
54. Rf1 Re7 55. Rd1 Rc7 56. Be2 Ke7 57. Kf3 Rc6 58. Rh1 Bc3 59. Bd1 Ke6 60. Bc2
Rc7 61. Rd1 Rc8 62. Rh1 Re8 63. Rh7 Bd2 64. Kg4 Rf8 65. Rh2 Ba5 66. Kf4 Bc7 67.
Kf3 Ke5 68. Rd2 Ke6 69. Rh2 Ba5 70. Kf4 Bc3 71. Bd1 Kd7 72. Bg4+ Kc7 73. Rc2
Be5+ 74. Kf3 Kb6 75. Rd2 Ka5 76. Rd3 Kb4 77. Kg2 Re8 78. Bd1 Bd4 79. Kf3 Ka3
80. Be2 a5 81. Bd1 Kb2 82. Be2 Kc2 83. Bf1 Rd8 84. Be2 Bc3 85. Kg2 Kxb3 0-1

[Event "Ciutat de Sabadell op A"]
[Site "?"]
[Date "2012.09.01"]
[Round "3"]
[White "Perez Mitjans, O."]
[Black "Vigoa Apecheche, Y."]
[Result "1-0"]
[WhiteElo "2504"]
[BlackElo "2243"]
[PlyCount "91"]
[EventDate "2012.??.??"]
[EventType "swiss"]
[EventRounds "9"]

1. e4 c5 2. Nf3 Nc6 3. d4 cxd4 4. Nxd4 Nf6 5. Nc3 e5 6. Ndb5 d6 7. Nd5 Nxd5 8.
exd5 Nb8 9. Qf3 a6 10. Qa3 Be7 11. Bd2 O-O 12. c4 b6 13. Be2 Bb7 14. Nc3 Nd7
15. O-O f5 16. b4 Kh8 17. Rab1 e4 18. Rfd1 Ne5 19. Qb3 Rb8 20. Bf1 Bg5 21. Be1
Qc7 22. c5 e3 23. c6 exf2+ 24. Bxf2 Bc8 25. Bd4 Ng4 26. h3 Be3+ 27. Bxe3 Nxe3
28. Re1 f4 29. Nd1 Bf5 30. Rc1 Nxd1 31. Rcxd1 f3 32. Qxf3 Bc2 33. Qg3 Bxd1 34.
Rxd1 b5 35. Bd3 Rbe8 36. Qh4 h6 37. Qh5 Qb6+ 38. Kh2 Re3 39. Qg6 Rxd3 40. Rxd3
Qc7 41. Re3 Qb6 42. Qxd6 Rf6 43. Re8+ Kh7 44. Qb8 Qd4 45. Rh8+ Kg6 46. Qg3+ 1-0

[Event "Ciutat de Sabadell op A"]
[Site "?"]
[Date "2012.09.02"]
[Round "4"]
[White "Alarcon Casellas, R."]
[Black "Aroshidze, L."]
[Result "0-1"]
[WhiteElo "2471"]
[BlackElo "2568"]
[PlyCount "128"]
[EventDate "2012.??.??"]
[EventType "swiss"]
[EventRounds "9"]

1. e4 c5 2. c3 d5 3. exd5 Qxd5 4. d4 Nf6 5. Nf3 e6 6. Na3 a6 7. Nc4 Nbd7 8. Be2
cxd4 9. cxd4 b5 10. Ne3 Bb4+ 11. Kf1 Qd6 12. h4 Bb7 13. h5 O-O 14. h6 g6 15.
Rh4 Rfe8 16. a4 bxa4 17. Nc4 Qd5 18. Qxa4 a5 19. Bg5 Ne4 20. Bf4 Ba6 21. Kg1
Bxc4 22. Bxc4 Qxc4 23. Qxd7 Qe2 24. Rf1 Nf6 25. Qb7 Qa6 26. Qxa6 Rxa6 27. Rc1
Nd5 28. Bg3 f6 29. Re4 Kf7 30. Bh2 g5 31. g4 Kg6 32. Kg2 Kxh6 33. Re2 Kg6 34.
Rec2 h5 35. gxh5+ Kxh5 36. Ng1 Kg6 37. Ne2 Rd8 38. Rc6 Rxc6 39. Rxc6 Kf7 40.
Kf3 Rh8 41. Kg2 Ne7 42. Rc7 Rc8 43. Rxc8 Nxc8 44. Kh3 f5 45. Bc7 Nd6 46. Nc1
Nb5 47. Bb6 a4 48. Nd3 Bd6 49. Kg2 Ke7 50. Kf3 Kd7 51. Ke3 Kc6 52. Bc5 Kd5 53.
Bxd6 Nxd6 54. Nb4+ Kc4 55. Na6 f4+ 56. Kf3 Kxd4 57. Kg4 e5 58. Kxg5 Ne4+ 59.
Kf5 Nxf2 60. Nc7 Nd3 61. Ne6+ Ke3 62. Kg4 f3 63. Kg3 f2 64. Kg2 Ke2 0-1

[Event "Ciutat de Sabadell op A"]
[Site "?"]
[Date "2012.09.02"]
[Round "4"]
[White "Ayza Ballester, J."]
[Black "Arenas, D."]
[Result "0-1"]
[WhiteElo "2208"]
[BlackElo "2406"]
[PlyCount "63"]
[EventDate "2012.??.??"]
[EventType "swiss"]
[EventRounds "9"]

1. e4 c5 2. Nf3 d6 3. d4 Nf6 4. Nc3 cxd4 5. Nxd4 g6 6. Be3 Bg7 7. f3 a6 8. g4
Nbd7 9. Qd2 b5 10. a4 bxa4 11. Rxa4 Bb7 12. Be2 O-O 13. O-O Nb6 14. Ra2 h5 15.
h3 Qc7 16. Na4 Nxa4 17. Rxa4 hxg4 18. hxg4 e5 19. Nb3 d5 20. exd5 Nxd5 21. Rc4
Qb8 22. Nc5 Nxe3 23. Qxe3 Bd5 24. Nd7 Qxb2 25. Nxf8 Bxc4 26. Bxc4 Rxf8 27. Bxa6
e4 28. Qb3 Qd4+ 29. Kg2 Be5 30. f4 Qd2+ 31. Rf2 Qd7 32. Qg3 0-1

[Event "Ciutat de Sabadell op A"]
[Site "?"]
[Date "2012.09.02"]
[Round "4"]
[White "Colon Garcia, E."]
[Black "Orozco, LY."]
[Result "1-0"]
[WhiteElo "2339"]
[BlackElo "2150"]
[PlyCount "59"]
[EventDate "2012.??.??"]
[EventType "swiss"]
[EventRounds "9"]

1. e4 c5 2. Nf3 a6 3. d3 b5 4. g3 Bb7 5. Bg2 e6 6. O-O d5 7. Nbd2 Nd7 8. Qe2
Ne7 9. Re1 Qc7 10. exd5 Bxd5 11. c4 Bc6 12. Nb3 Ng6 13. Bd2 Rc8 14. d4 bxc4 15.
Na5 Bxf3 16. Bxf3 cxd4 17. Nxc4 Bc5 18. Rac1 O-O 19. b4 Be7 20. Na5 Qd6 21. Be4
f5 22. Bd3 Rxc1 23. Rxc1 e5 24. Rc6 Qb8 25. Bxf5 Nf6 26. Rxa6 Bd6 27. Nc6 Qc7
28. b5 Ne7 29. Be6+ Kh8 30. Ba5 1-0

[Event "Ciutat de Sabadell op A"]
[Site "?"]
[Date "2012.09.02"]
[Round "4"]
[White "Cordova Daza, E."]
[Black "Vidarte Morales, A."]
[Result "1-0"]
[WhiteElo "2572"]
[BlackElo "2353"]
[PlyCount "133"]
[EventDate "2012.??.??"]
[EventType "swiss"]
[EventRounds "9"]

1. Nf3 Nf6 2. c4 e6 3. g3 d5 4. Bg2 c5 5. O-O Nc6 6. cxd5 Nxd5 7. d3 Be7 8. a4
O-O 9. Na3 e5 10. Nc4 f6 11. a5 Be6 12. Bd2 Qd7 13. Qa4 Rab8 14. Rfc1 Rfd8 15.
h4 Bf8 16. Kh2 b5 17. axb6 axb6 18. Ne3 b5 19. Qd1 Ndb4 20. Qh1 Rbc8 21. Bxb4
Nxb4 22. Rc3 Rc7 23. Ra5 c4 24. dxc4 bxc4 25. Qc1 Nc6 26. Ra6 Nd4 27. Qf1 Rb8
28. Nxd4 exd4 29. Rxe6 dxc3 30. bxc3 Kh8 31. Ra6 Rc5 32. Qa1 Qb5 33. Bf3 Re5
34. Kg2 Rxe3 35. fxe3 Qe5 36. Rc6 Bd6 37. Qe1 g6 38. Rxc4 Qxe3 39. Rd4 Qe7 40.
Qd2 Rd8 41. c4 Bc7 42. Bd5 Kg7 43. Rd3 Qc5 44. Qe3 Qxe3 45. Rxe3 Bd6 46. Kf3 h5
47. Re6 Be5 48. Ra6 Rb8 49. Ra7+ Kh6 50. c5 Rc8 51. c6 Rc7 52. Ra8 Re7 53. e4
Kg7 54. g4 hxg4+ 55. Kxg4 Kh6 56. Rh8+ Kg7 57. Rg8+ Kh6 58. Ra8 Bd6 59. Rh8+
Kg7 60. Rg8+ Kh6 61. h5 f5+ 62. exf5 gxf5+ 63. Kxf5 Re5+ 64. Kf6 Kxh5 65. Be6
Kh4 66. Rg4+ Kh5 67. Rd4 1-0

[Event "Ciutat de Sabadell op A"]
[Site "?"]
[Date "2012.09.02"]
[Round "4"]
[White "Gomez Jurado, LA."]
[Black "Perez Mitjans, O."]
[Result "0-1"]
[WhiteElo "2250"]
[BlackElo "2504"]
[PlyCount "64"]
[EventDate "2012.??.??"]
[EventType "swiss"]
[EventRounds "9"]

1. c4 Nf6 2. g3 g6 3. Bg2 d5 4. cxd5 Nxd5 5. Nc3 Nb6 6. Nf3 Bg7 7. O-O Nc6 8.
a3 a5 9. d3 O-O 10. Be3 e5 11. Rc1 Nd4 12. Bxd4 exd4 13. Na4 Nxa4 14. Qxa4 c6
15. Nd2 Re8 16. Rfe1 h5 17. Ne4 h4 18. b4 hxg3 19. hxg3 Bh6 20. Rc2 f5 21. Nc5
f4 22. gxf4 Bxf4 23. b5 Qh4 24. Qc4+ Kf8 25. e3 dxe3 26. Kf1 cxb5 27. Qxb5 Bf5
28. Ne4 Rac8 29. Rce2 Bg4 30. f3 Bh3 31. Bxh3 Qxh3+ 32. Kg1 Re7 0-1

[Event "Ciutat de Sabadell op A"]
[Site "?"]
[Date "2012.09.02"]
[Round "4"]
[White "Jimenez Fraga, PA."]
[Black "Oms Pallisse, J."]
[Result "0-1"]
[WhiteElo "2446"]
[BlackElo "2461"]
[PlyCount "58"]
[EventDate "2012.??.??"]
[EventType "swiss"]
[EventRounds "9"]

1. e4 e6 2. d4 d5 3. Nd2 c5 4. Ngf3 cxd4 5. exd5 Qxd5 6. Bc4 Qd7 7. O-O Nc6 8.
Nb3 Nf6 9. Qe2 a6 10. a4 Qc7 11. Bg5 Be7 12. Nbxd4 Nxd4 13. Nxd4 O-O 14. Rfe1
Bd7 15. Bb3 Nd5 16. Bxe7 Nxe7 17. Rad1 Rad8 18. Qh5 Nc6 19. c3 h6 20. Bc2 Nxd4
21. Rxd4 Bc6 22. Rg4 Kh8 23. Re3 Rd5 24. Qh3 Rfd8 25. Re1 Rd2 26. Bb1 Qe5 27.
Rf1 Rd1 28. g3 Qe2 29. Rh4 Rxf1+ 0-1

[Event "Ciutat de Sabadell op A"]
[Site "?"]
[Date "2012.09.03"]
[Round "5"]
[White "Burmakin, V."]
[Black "Gallego Alcaraz, AF."]
[Result "1-0"]
[WhiteElo "2608"]
[BlackElo "2377"]
[PlyCount "59"]
[EventDate "2012.??.??"]
[EventType "swiss"]
[EventRounds "9"]

1. d4 Nf6 2. Nf3 g6 3. Bf4 Bg7 4. c3 b6 5. e3 O-O 6. h3 Bb7 7. Be2 c5 8. O-O d6
9. Bh2 Nbd7 10. a4 a6 11. Qb3 Qc7 12. Rd1 Rac8 13. Na3 cxd4 14. exd4 Qb8 15. c4
e5 16. dxe5 dxe5 17. Nc2 Qa8 18. Ne3 Rfe8 19. a5 bxa5 20. Rxa5 Rc5 21. Qa3 e4
22. Nd4 Qc8 23. b4 Rxa5 24. Qxa5 h5 25. c5 Ne5 26. Bxe5 Rxe5 27. Ndf5 Bf8 28.
Rd8 Qe6 29. Bc4 Bd5 30. Nd4 1-0

[Event "Ciutat de Sabadell op A"]
[Site "?"]
[Date "2012.09.03"]
[Round "5"]
[White "Flores de Paco, D."]
[Black "Jimenez Fraga, PA."]
[Result "0-1"]
[WhiteElo "2006"]
[BlackElo "2446"]
[PlyCount "126"]
[EventDate "2012.??.??"]
[EventType "swiss"]
[EventRounds "9"]

1. e4 c5 2. d4 cxd4 3. c3 Nf6 4. e5 Nd5 5. Qxd4 e6 6. Nf3 Nc6 7. Qe4 d6 8. Bb5
Bd7 9. c4 Nb6 10. exd6 Bxd6 11. O-O a6 12. Rd1 Qc7 13. Nc3 Ne7 14. Bxd7+ Nxd7
15. Qd3 Bb4 16. Bf4 Qc6 17. Ne4 O-O-O 18. Nd4 Qb6 19. c5 Bxc5 20. Rac1 e5 21.
Nxc5 Nxc5 22. Bxe5 Nc6 23. Rxc5 Qxc5 24. Qf5+ Rd7 25. Qxd7+ Kxd7 26. Nb3+ Kc8
27. Nxc5 Nxe5 28. Rc1 Kb8 29. f4 Ng4 30. h3 Nf6 31. Rd1 Kc7 32. Kf2 Re8 33. g4
Kc6 34. Nd3 Ne4+ 35. Kf3 f6 36. Rc1+ Kb6 37. Rc2 Nd6 38. Nb4 Nb5 39. Rd2 Kc5
40. Nc2 Nd6 41. h4 a5 42. h5 Re7 43. b3 Nb5 44. Ne3 g6 45. Nd5 Re6 46. Ne3 Nd4+
47. Kf2 Re4 48. Ng2 b5 49. hxg6 hxg6 50. Kg3 Re2 51. Rd3 Rxa2 52. Nh4 g5 53.
fxg5 fxg5 54. Nf5 Ne2+ 55. Kf3 Rb2 56. Re3 Nd4+ 57. Kg3 Nxb3 58. Re5+ Kb6 59.
Ne3 Nd2 60. Nd1 Nf1+ 61. Kf3 Rd2 62. Nf2 Nh2+ 63. Ke3 Rxf2 0-1

[Event "Ciutat de Sabadell op A"]
[Site "?"]
[Date "2012.09.03"]
[Round "5"]
[White "Oms Pallisse, J."]
[Black "Cordova Daza, E."]
[Result "1/2-1/2"]
[WhiteElo "2461"]
[BlackElo "2572"]
[PlyCount "36"]
[EventDate "2012.??.??"]
[EventType "swiss"]
[EventRounds "9"]

1. d4 Nf6 2. c4 e6 3. Nf3 b6 4. g3 Bb7 5. Bg2 Be7 6. O-O O-O 7. Nc3 Ne4 8. Qc2
Nxc3 9. Qxc3 c5 10. Rd1 cxd4 11. Nxd4 Bxg2 12. Kxg2 Qc8 13. b3 Nc6 14. Bb2 Nxd4
15. Qxd4 Bf6 16. Qd2 Bxb2 17. Qxb2 b5 18. Qd4 Qd8 1/2-1/2

[Event "Ciutat de Sabadell op A"]
[Site "?"]
[Date "2012.09.03"]
[Round "5"]
[White "Panesso Rivera, H."]
[Black "Vigoa Apecheche, Y."]
[Result "1-0"]
[WhiteElo "2339"]
[BlackElo "2243"]
[PlyCount "113"]
[EventDate "2012.??.??"]
[EventType "swiss"]
[EventRounds "9"]

1. d4 Nf6 2. Nf3 g6 3. g3 Bg7 4. Bg2 O-O 5. O-O d6 6. a4 Nc6 7. Nc3 a6 8. h3
Bd7 9. e4 e5 10. Be3 Rb8 11. dxe5 Nxe5 12. Nxe5 dxe5 13. Qc1 Qc8 14. Kh2 Be6
15. Bh6 Bc4 16. Rd1 Rd8 17. Bxg7 Rxd1 18. Nxd1 Kxg7 19. Qg5 Nd7 20. Qe7 Be6 21.
Ne3 Qf8 22. Qa3 Qxa3 23. Rxa3 a5 24. Rc3 c6 25. f4 f6 26. b3 Kf8 27. h4 Rd8 28.
Bh3 Bxh3 29. Kxh3 Ke7 30. Nc4 Ra8 31. Nd2 Re8 32. Nc4 Ra8 33. fxe5 Nxe5 34.
Nxe5 fxe5 35. Kg4 Kd6 36. Rf3 Ke6 37. Kg5 Rd8 38. Kh6 Rd4 39. Re3 Rd7 40. Rc3
Rd4 41. Re3 Rd7 42. Rd3 Rf7 43. c3 b5 44. c4 bxa4 45. bxa4 Rb7 46. c5 Rb4 47.
Rd6+ Ke7 48. Kxh7 Rxe4 49. Kxg6 Rg4+ 50. Kf5 Rxg3 51. h5 Rh3 52. h6 e4 53. Kxe4
Rh4+ 54. Kf5 Rxa4 55. h7 Rh4 56. Kg6 a4 57. Kg7 1-0

[Event "Ciutat de Sabadell op A"]
[Site "?"]
[Date "2012.09.03"]
[Round "5"]
[White "Perez Mitjans, O."]
[Black "Vehi Bach, VM."]
[Result "1-0"]
[WhiteElo "2504"]
[BlackElo "2357"]
[PlyCount "113"]
[EventDate "2012.??.??"]
[EventType "swiss"]
[EventRounds "9"]

1. e4 c5 2. Nf3 e6 3. c3 Nf6 4. Bd3 Nc6 5. O-O d5 6. e5 Nd7 7. Qe2 Qc7 8. Re1
b6 9. Bb5 h6 10. d4 Bb7 11. Be3 a6 12. Bd3 Be7 13. Nbd2 c4 14. Bc2 b5 15. a3
Nb6 16. Nf1 O-O-O 17. N3d2 Na5 18. a4 b4 19. cxb4 Bxb4 20. Rec1 Kb8 21. Nb1 Rc8
22. Nc3 Qd7 23. Ng3 Nb3 24. Bxb3 cxb3 25. Bd2 Bxc3 26. Bxc3 Nxa4 27. Ra3 Rc4
28. Rxb3 Rhc8 29. Qg4 g6 30. Rb1 Ka8 31. h3 Bc6 32. Bd2 h5 33. Qf4 Bb5 34. Rf3
Rc2 35. b3 Nb2 36. Be3 R8c7 37. Qh6 Kb7 38. Bg5 Nd3 39. Qf8 Nb2 40. Bd8 Rc1+
41. Rxc1 Rxc1+ 42. Kh2 Qe8 43. Rxf7+ Kc8 44. Bg5 Rc7 45. Rxc7+ Kxc7 46. Qg7+
Kb6 47. Be7 Nd3 48. Ne2 Nxf2 49. Nf4 Bd7 50. Nxg6 Ne4 51. Nf8 Bc8 52. Bd6 Qd8
53. Bb8 Qh4 54. Nxe6 Bxe6 55. Qc7+ Kb5 56. Qb7+ Ka5 57. Bc7# 1-0

[Event "Ciutat de Sabadell op A"]
[Site "?"]
[Date "2012.09.03"]
[Round "5"]
[White "Vidarte Morales, A."]
[Black "Alarcon Casellas, R."]
[Result "1/2-1/2"]
[WhiteElo "2353"]
[BlackElo "2471"]
[PlyCount "107"]
[EventDate "2012.??.??"]
[EventType "swiss"]
[EventRounds "9"]

1. Nf3 Nf6 2. g3 d5 3. Bg2 Bf5 4. O-O c6 5. d3 h6 6. c4 e6 7. Be3 Nbd7 8. Qb3
Qc7 9. cxd5 exd5 10. Nc3 Bc5 11. Bf4 Qb6 12. Qc2 Be7 13. e4 dxe4 14. dxe4 Bh7
15. Rad1 Nc5 16. Nd4 O-O 17. h3 Rfe8 18. Be3 Qc7 19. b4 Ncd7 20. Qb3 Bf8 21.
Rfe1 a5 22. b5 a4 23. Qc2 Bb4 24. bxc6 bxc6 25. Bf4 Qc8 26. Nf5 Qa6 27. g4 Bxf5
28. gxf5 Qa5 29. Rc1 Ne5 30. Red1 Red8 31. Ne2 Nfd7 32. Bxe5 Nxe5 33. f4 Rd2
34. Rxd2 Bxd2 35. Rd1 Be3+ 36. Kh2 Rb8 37. Kh1 Nd7 38. Rxd7 Qe1+ 39. Kh2 Qf2
40. Qd1 Rb2 41. Qf1 Bxf4+ 42. Kh1 Rxe2 43. Qxf2 Rxf2 44. a3 Ra2 45. Bf1 Rxa3
46. Bc4 Rxh3+ 47. Kg2 Rc3 48. Bxf7+ Kf8 49. Bg6 a3 50. Ra7 Rg3+ 51. Kf1 Rf3+
52. Kg2 Rc3 53. Kf1 c5 54. Kf2 1/2-1/2

[Event "Ciutat de Sabadell op A"]
[Site "?"]
[Date "2012.09.04"]
[Round "6"]
[White "Alarcon Casellas, R."]
[Black "Arenas, D."]
[Result "1-0"]
[WhiteElo "2471"]
[BlackElo "2406"]
[PlyCount "121"]
[EventDate "2012.??.??"]
[EventType "swiss"]
[EventRounds "9"]

1. d4 Nf6 2. Nf3 g6 3. c4 Bg7 4. Nc3 O-O 5. Bf4 d6 6. e3 c5 7. Be2 Nh5 8. Bg5
h6 9. Bh4 g5 10. Bg3 Bf5 11. d5 Nd7 12. Nd2 Nxg3 13. hxg3 Qb6 14. Qc1 Ne5 15.
e4 Bg4 16. Qc2 Bxe2 17. Kxe2 e6 18. f4 Ng6 19. Raf1 Rae8 20. Kd1 exd5 21. Nxd5
Qxb2 22. f5 Qe5 23. fxg6 fxg6 24. Qb3 b6 25. Kc2 b5 26. cxb5 c4 27. Qc3 Qe6 28.
Rxf8+ Rxf8 29. Qxc4 Kh8 30. Kb3 Rc8 31. Qc6 Rxc6 32. bxc6 Qe5 33. Nc4 Qe8 34.
Nb4 a5 35. Nxa5 Qe5 36. Ka4 Qc5 37. a3 Bb2 38. Rb1 Bxa3 39. Kxa3 Qxa5+ 40. Kb3
Qc5 41. Rd1 Kg7 42. Rd3 Qc1 43. Rc3 Qd1+ 44. Rc2 Qb1+ 45. Ka4 Qa1+ 46. Kb5 Qe5+
47. Ka6 Qa1+ 48. Kb6 Qd4+ 49. Ka5 Qe5+ 50. Ka4 Qa1+ 51. Kb3 Qb1+ 52. Kc4 Qf1+
53. Nd3 Qb1 54. Rb2 Qa1 55. Kd5 Qa3 56. Rb7+ Kf6 57. e5+ dxe5 58. Nc5 Qa2+ 59.
Rb3 Qa7 60. Ne4+ Kf5 61. Rf3+ 1-0